Business for higher awards (Record no. 77899)

MARC details
000 -LEADER
fixed length control field 01500nam a2200253 a 4500
008 - FIXED-LENGTH DATA ELEMENTS--GENERAL INFORMATION
fixed length control field 120416s1999 ||||||||||||||||| || u
020 ## - INTERNATIONAL STANDARD BOOK NUMBER
International Standard Book Number 0435453149
050 ## - LIBRARY OF CONGRESS CALL NUMBER
Classification number HF 5030 Bus
100 ## - MAIN ENTRY--PERSONAL NAME
Personal name Needham, Dave
245 10 - TITLE STATEMENT
Title Business for higher awards
Statement of responsibility, etc. Dave Needham...[and others]
250 ## - EDITION STATEMENT
Edition statement 2nd ed.
260 ## - PUBLICATION, DISTRIBUTION, ETC.
Place of publication, distribution, etc. Oxford
Name of publisher, distributor, etc. Heinemann
Date of publication, distribution, etc. 1999
350 ## -
-- 0.00
650 #0 - SUBJECT ADDED ENTRY--TOPICAL TERM
Topical term or geographic name entry element MANAGEMENT
650 #0 - SUBJECT ADDED ENTRY--TOPICAL TERM
Topical term or geographic name entry element BUSINESS
650 ## - SUBJECT ADDED ENTRY--TOPICAL TERM
Topical term or geographic name entry element Industrial management - United States
650 ## - SUBJECT ADDED ENTRY--TOPICAL TERM
Topical term or geographic name entry element BUSINESS ENTERPRISES--UNITED STATES
995 ## -
-- ANNEX COLLECTION (Main Library)
-- 0.00
-- 734711
-- CBU-MAIN LIBRARY (Kitwe)
-- 1
-- 15.00
-- HF 5030 Bus
-- 1
-- AVAILABLE
-- 47820
-- Annex Low-Usage Collection
995 ## -
-- ANNEX COLLECTION (Main Library)
-- 0.00
-- 736021
-- CBU-MAIN LIBRARY (Kitwe)
-- 5
-- 15.00
-- HF 5030 Bus
-- 5
-- AVAILABLE
-- 38664
-- Annex Low-Usage Collection
995 ## -
-- MAIN LIBRARY OPEN ACCESS
-- 0.00
-- 740042
-- CBU-MAIN LIBRARY (Kitwe)
-- 1
-- 0.00
-- HF 5030 BUS
-- 6
-- AVAILABLE
-- May 13, 2009
-- 740042
-- Main Library Open Access Collection
995 ## -
-- ANNEX COLLECTION (Main Library)
-- 0.00
-- 736019
-- CBU-MAIN LIBRARY (Kitwe)
-- 3
-- 15.00
-- HF 5030 Bus
-- 3
-- AVAILABLE
-- 38665
-- Annex Low-Usage Collection
995 ## -
-- MAIN LIBRARY OPEN ACCESS
-- 0.00
-- 736020
-- CBU-MAIN LIBRARY (Kitwe)
-- 4
-- 15.00
-- HF 5030 Bus
-- 4
-- AVAILABLE
-- 38663
-- Main Library Open Access Collection
995 ## -
-- MAIN LIBRARY OPEN ACCESS
-- 0.00
-- 736018
-- CBU-MAIN LIBRARY (Kitwe)
-- 2
-- 15.00
-- HF 5030 Bus
-- 2
-- LOST
-- Feb 20, 2013
-- 38666
-- Main Library Open Access Collection
999 ## -
-- 77899
-- 77899
Holdings
Withdrawn status Lost status Source of classification or shelving scheme Damaged status Not for loan Permanent Location Current Location Shelving location Date acquired Total Checkouts Full call number Barcode Date last seen Copy number Price effective from Koha item type
          CBU-MAIN LIBRARY, KITWE. CBU-MAIN LIBRARY, KITWE.   05/03/2023   HF 5030 Bus 47820 05/03/2023 1 05/03/2023 MONOGRAPH
          CBU-MAIN LIBRARY, KITWE. CBU-MAIN LIBRARY, KITWE.   05/03/2023   HF 5030 Bus 38664 05/03/2023 2 05/03/2023 MONOGRAPH
          CBU-MAIN LIBRARY, KITWE. CBU-MAIN LIBRARY, KITWE.   05/03/2023   HF 5030 Bus 740042 05/03/2023 3 05/03/2023 MONOGRAPH
          CBU-MAIN LIBRARY, KITWE. CBU-MAIN LIBRARY, KITWE.   05/03/2023   HF 5030 Bus 38665 05/03/2023 4 05/03/2023 MONOGRAPH
          CBU-MAIN LIBRARY, KITWE. CBU-MAIN LIBRARY, KITWE.   05/03/2023   HF 5030 Bus 38663 05/03/2023 5 05/03/2023 MONOGRAPH
          CBU-MAIN LIBRARY, KITWE. CBU-MAIN LIBRARY, KITWE.   05/03/2023   HF 5030 Bus 38666 05/03/2023 6 05/03/2023 MONOGRAPH